[Event "Brazil Fiesta op"]
[Site "Brazil"]
[Date "2017.07.22"]
[Round "3"]
[White "Nascimento, Pedro Henrique Alve"]
[Black "Rodrigues, Joao Batista"]
[Result "1-0"]
[WhiteElo "1964"]
[BlackElo "1699"]
[PlyCount "71"]
[EventDate "2017.07.21"]
[EventType "swiss"]
[EventRounds "6"]
[EventCountry "BRA"]
[SourceTitle "EXT 2019"]
[Source "ChessBase"]
[SourceDate "2018.10.10"]
[SourceVersion "1"]
[SourceVersionDate "2018.10.10"]
[SourceQuality "1"]

1. d4 Nf6 2. c4 g6 3. Nc3 Bg7 4. e4 d6 5. Be2 0-0 6. Nf3 Nc6 7. d5 Nb4 8. a3 Na6 9. Bg5 Nc5 10. Nd2 h6 11. Be3 a5 12. Rc1 c6 13. 0-0 g5 14. b4 axb4 15. axb4 Ncd7 16. Qb3 Ne5 17. h3 e6 18. dxc6 Nxc6 19. Rfd1 Qe7 20. Nf1 Ne8 21. c5 d5 22. exd5 exd5 23. Nxd5 Qe5 24. Nb6 Be6 25. Bc4 Bxc4 26. Qxc4 Nf6 27. Nxa8 Rxa8 28. b5 Ne7 29. Bd4 Qf4 30. Bxf6 Qxf6 31. c6 bxc6 32. bxc6 Rc8 33. c7 Nf5 34. Qd5 Ne7 35. Qd7 Bf8 36. Re1 1-0

[Event "Brasilia FBX 50"]
[Site "Brasilia"]
[Date "2015.09.05"]
[Round "4"]
[White "Nascimento, Pedro Henrique Alve"]
[Black "Rodrigues, Joao Batista"]
[Result "0-1"]
[WhiteElo "1875"]
[BlackElo "1716"]
[PlyCount "78"]
[EventDate "2015.09.05"]
[EventType "swiss"]
[EventRounds "6"]
[EventCountry "BRA"]
[SourceTitle "EXT 2016"]
[Source "ChessBase"]
[SourceDate "2015.10.08"]
[SourceVersion "1"]
[SourceVersionDate "2015.10.08"]
[SourceQuality "1"]

1. d4 Nf6 2. c4 g6 3. Nc3 Bg7 4. e4 d6 5. Nf3 0-0 6. Be2 e5 7. d5 Nbd7 8. Bg5 h6 9. Bh4 Qe8 10. Nd2 a6 11. 0-0 g5 12. Bg3 Nh7 13. Bg4 Nhf6 14. Bf5 h5 15. f3 a5 16. a3 Nc5 17. Bxc8 Qxc8 18. b4 axb4 19. axb4 Nd3 20. Qb3 Nf4 21. Rxa8 Qxa8 22. c5 h4 23. Bf2 Nd3 24. Be3 g4 25. Nb5 Nf4 26. Nxc7 Qd8 27. cxd6 Qxd6 28. Nb5 Qa6 29. Qc4 h3 30. g3 Ng2 31. Bc5 Rc8 32. Nd6 Qxc4 33. N2xc4 Rc7 34. Nb5 Rc8 35. Nbd6 Ra8 36. fxg4 Nxg4 37. Nxf7 Ra2 38. Ng5 N2e3 39. Bxe3 Rg2+ 0-1

[Event "Brasilia Inconfidencia Cup"]
[Site "Brasilia"]
[Date "2015.04.18"]
[Round "3"]
[White "Rodrigues, Joao Batista"]
[Black "Pires, Washington Gabriel"]
[Result "0-1"]
[WhiteElo "1759"]
[BlackElo "1985"]
[PlyCount "82"]
[EventDate "2015.04.17"]
[EventType "swiss"]
[EventRounds "6"]
[EventCountry "BRA"]
[SourceTitle "CBM 166 Extra"]
[Source "ChessBase"]
[SourceDate "2015.06.18"]
[SourceVersion "1"]
[SourceVersionDate "2015.06.18"]
[SourceQuality "1"]

1. e4 c6 2. d4 d5 3. e5 Bf5 4. Bd3 Bxd3 5. Qxd3 e6 6. Nf3 Ne7 7. Bd2 Qb6 8. Nc3 Nd7 9. Na4 Qc7 10. b4 b5 11. Nc5 Nb6 12. h3 Ng6 13. h4 Bxc5 14. bxc5 Nc4 15. h5 Ne7 16. g4 Kd7 17. Ng5 Nxe5 18. Qg3 Nc4 19. Qxc7+ Kxc7 20. Rh2 Raf8 21. Bf4+ Kd7 22. a4 b4 23. a5 h6 24. Nf3 f6 25. Ra4 Rb8 26. Bxb8 Rxb8 27. Nd2 a6 28. Ke2 Rb5 29. Nb3 e5 30. dxe5 fxe5 31. Rh3 Ke6 32. Rf3 d4 33. Rf8 Nd5 34. Ra1 Rb7 35. Ra8 Nc7 36. Rd8 Ke7 37. Rg8 Ne8 38. f4 Rd7 39. Kd3 Nb2+ 40. Ke4 Nf6+ 41. Kxe5 Rd5# 0-1

[Event "Brasilia FBX op"]
[Site "Brasilia"]
[Date "2015.02.28"]
[Round "3"]
[White "Sa, Antonio Villar Marq"]
[Black "Rodrigues, Joao Batista"]
[Result "1-0"]
[WhiteElo "1926"]
[BlackElo "1783"]
[PlyCount "77"]
[EventDate "2015.02.27"]
[EventType "swiss"]
[EventRounds "5"]
[EventCountry "BRA"]
[SourceTitle "CBM 165 Extra"]
[Source "ChessBase"]
[SourceDate "2015.04.21"]
[SourceVersion "1"]
[SourceVersionDate "2015.04.21"]
[SourceQuality "1"]

1. e4 g6 2. d4 Bg7 3. f4 d6 4. h3 Nf6 5. Nc3 Nc6 6. Nf3 e6 7. Be3 Bd7 8. Qd2 a6 9. a3 Qe7 10. Bd3 b5 11. 0-0 0-0 12. e5 Nd5 13. Nxd5 exd5 14. Rae1 dxe5 15. fxe5 b4 16. Bg5 Qe8 17. axb4 Qb8 18. c3 Nd8 19. Qe2 a5 20. bxa5 Rxa5 21. b4 Ra3 22. Qb2 Ra8 23. Ra1 Ne6 24. Rxa8 Qxa8 25. Ra1 Qb7 26. Ra5 Nxg5 27. Nxg5 h6 28. Nf3 Ra8 29. Qa2 Rxa5 30. bxa5 Bc6 31. a6 Qc8 32. Qb3 Qa8 33. Ne1 h5 34. Bb5 Qb8 35. a7 Qa8 36. Bxc6 Qxa7 37. Bxd5 Bxe5 38. Nc2 c5 39. Qb7 1-0

[Event "Brasilia Terra Viva op"]
[Site "Brasilia"]
[Date "2014.09.19"]
[Round "1"]
[White "Felix, Raimundo Nascimento"]
[Black "Rodrigues, Joao Batista"]
[Result "0-1"]
[WhiteElo "1952"]
[BlackElo "1800"]
[PlyCount "86"]
[EventDate "2014.09.19"]
[EventType "swiss"]
[EventRounds "6"]
[EventCountry "BRA"]
[SourceTitle "CBM 162 Extra"]
[Source "ChessBase"]
[SourceDate "2014.10.17"]
[SourceVersion "1"]
[SourceVersionDate "2014.10.17"]
[SourceQuality "1"]

1. e4 e5 2. Nf3 Nc6 3. Bb5 Nf6 4. 0-0 d6 5. d4 Bd7 6. Bg5 Be7 7. Re1 0-0 8. c3 a6 9. Ba4 b5 10. Bb3 Rb8 11. Nbd2 Bg4 12. h3 Bh5 13. Qc2 b4 14. Qd3 bxc3 15. bxc3 exd4 16. cxd4 a5 17. Rac1 Nb4 18. Qc3 a4 19. Bc4 d5 20. exd5 Nbxd5 21. Qc2 a3 22. Bb3 Bg6 23. Qc4 Rb4 24. Qf1 h6 25. Bh4 Nf4 26. Ne5 Bd6 27. Nc6 Qa8 28. f3 Nd3 29. Ne4 Nxc1 30. Rxc1 Rb6 31. Nxf6+ gxf6 32. Bd5 Qa4 33. Bxf6 Rb2 34. Bb3 Qa8 35. d5 Rd2 36. Qe1 Bf4 37. g3 Re2 38. Qxe2 Bxc1 39. f4 Re8 40. Ne5 Qa7+ 41. Qf2 Be3 42. Qxe3 Qxe3+ 43. Kh2 Qf2+ 0-1

[Event "BRA-ch Amador"]
[Site "Brasilia"]
[Date "2012.04.01"]
[Round "7"]
[White "Rodrigues, Joao Batista"]
[Black "De Arruda, Filho Ivo Pereira"]
[Result "0-1"]
[WhiteElo "1774"]
[BlackElo "1923"]
[PlyCount "116"]
[EventDate "2012.03.24"]
[EventType "swiss"]
[EventRounds "7"]
[EventCountry "BRA"]
[SourceTitle "EXT 2014"]
[Source "ChessBase"]
[SourceDate "2013.11.20"]
[SourceVersion "1"]
[SourceVersionDate "2013.11.20"]
[SourceQuality "1"]

1. e4 c6 2. d4 d5 3. Nc3 dxe4 4. Nxe4 Nf6 5. Nxf6+ gxf6 6. Be3 Bf5 7. Bd3 e6 8. Bxf5 Qa5+ 9. Qd2 Qxf5 10. 0-0-0 h5 11. h4 Na6 12. a3 0-0-0 13. Ne2 Nc7 14. Ng3 Qd5 15. Kb1 Qxg2 16. Qa5 a6 17. c4 Qf3 18. Rd2 Bd6 19. Re1 Bxg3 20. fxg3 Qxg3 21. Bf2 Qf4 22. Ka1 Rhg8 23. Rde2 f5 24. Qc3 Rg4 25. Be3 Qd6 26. Bg5 Re8 27. Bf6 Reg8 28. Be5 Qd7 29. Bf6 Ne8 30. d5 Nxf6 31. Qxf6 cxd5 32. cxd5 Rg1 33. dxe6 Rxe1+ 34. Rxe1 fxe6 35. Qxe6 Qxe6 36. Rxe6 Rg4 37. Rf6 f4 38. Kb1 Rxh4 39. Kc2 Rg4 40. Kd2 h4 41. b4 h3 42. Ke2 Rg3 43. Rxf4 Rxa3 44. Kf2 Rb3 45. Rh4 Kc7 46. Kg1 Kc6 47. Rh6+ Kb5 48. Rh7 b6 49. Rh6 Rxb4 50. Rxh3 a5 51. Kf1 a4 52. Ke2 Rc4 53. Kd2 Kb4 54. Rh8 b5 55. Ra8 Kb3 56. Ra5 b4 57. Kd3 Rc8 58. Rg5 a3 0-1

[Event "Brasilia IRT op"]
[Site "Brasilia"]
[Date "2012.01.30"]
[Round "5"]
[White "Ribeiro, Valdir Uchoa Jr"]
[Black "Rodrigues, Joao Batista"]
[Result "1-0"]
[WhiteElo "1923"]
[BlackElo "1774"]
[PlyCount "45"]
[EventDate "2012.01.23"]
[EventType "swiss"]
[EventRounds "6"]
[EventCountry "BRA"]
[SourceTitle "EXT 2013"]
[Source "ChessBase"]
[SourceDate "2012.11.22"]
[SourceVersion "1"]
[SourceVersionDate "2012.11.22"]
[SourceQuality "1"]

1. e4 e5 2. Bc4 Nf6 3. d3 Bc5 4. Nf3 d6 5. 0-0 0-0 6. Bg5 Nc6 7. c3 Bg4 8. Nbd2 a6 9. b4 Bb6 10. h3 Bh5 11. g4 Bg6 12. Nh4 Ne7 13. Bxf6 gxf6 14. Qf3 d5 15. exd5 c6 16. dxc6 Nxc6 17. Ne4 Kg7 18. Nf5+ Bxf5 19. Qxf5 Qe7 20. Ng3 Kh8 21. Nh5 Bd8 22. Bd5 Qd6 23. Be4 1-0

[Event "Brasilia IRT op"]
[Site "Brasilia"]
[Date "2012.01.27"]
[Round "3"]
[White "Sa, Antonio Villar Marq"]
[Black "Rodrigues, Joao Batista"]
[Result "1-0"]
[WhiteElo "2048"]
[BlackElo "1774"]
[PlyCount "63"]
[EventDate "2012.01.23"]
[EventType "swiss"]
[EventRounds "6"]
[EventCountry "BRA"]
[SourceTitle "EXT 2013"]
[Source "ChessBase"]
[SourceDate "2012.11.22"]
[SourceVersion "1"]
[SourceVersionDate "2012.11.22"]
[SourceQuality "1"]

1. e4 e5 2. Nf3 Nc6 3. Bb5 a6 4. Bxc6 dxc6 5. 0-0 Bg4 6. h3 Bh5 7. g4 Bg6 8. Nxe5 Qh4 9. Qf3 Bd6 10. d4 Nf6 11. Nxg6 hxg6 12. e5 0-0-0 13. Nc3 Be7 14. exf6 Bxf6 15. Be3 Be7 16. Kg2 Kb8 17. Rh1 f5 18. Rad1 g5 19. gxf5 Bd6 20. Qg4 Bf4 21. Qxh4 Rxh4 22. d5 Rf8 23. dxc6 bxc6 24. Rd7 Rxf5 25. Rxg7 Rh5 26. Bxf4 gxf4 27. Re1 f3+ 28. Kg3 a5 29. Ree7 c5 30. h4 c6 31. Rb7+ Kc8 32. Ra7 1-0

[Event "Brasilia IRT op"]
[Site "Brasilia"]
[Date "2012.01.25"]
[Round "2"]
[White "Rodrigues, Joao Batista"]
[Black "Campos, Westerley Batista"]
[Result "1-0"]
[WhiteElo "1774"]
[BlackElo "1725"]
[PlyCount "50"]
[EventDate "2012.01.23"]
[EventType "swiss"]
[EventRounds "6"]
[EventCountry "BRA"]
[SourceTitle "EXT 2013"]
[Source "ChessBase"]
[SourceDate "2012.11.22"]
[SourceVersion "1"]
[SourceVersionDate "2012.11.22"]
[SourceQuality "1"]

1. e4 c5 2. Nf3 d6 3. d4 cxd4 4. Nxd4 e5 5. Nf3 Nf6 6. Nc3 Be6 7. Be2 a6 8. h3 Nc6 9. Be3 Be7 10. 0-0 b5 11. Nd5 Bxd5 12. exd5 Nb4 13. c4 bxc4 14. Bxc4 Rc8 15. Qa4+ Kf8 16. Qxb4 a5 17. Qa4 g5 18. Bxg5 h6 19. Bxf6 Bxf6 20. Bb5 Qb6 21. Bc6 Ke7 22. Qg4 Qa7 23. Nh4 Bxh4 24. Qxh4+ f6 25. Qg4 Rxc6 1-0